[Event "4th ChessMates Murmansk 2020"]
[Site "Murmansk"]
[Date "2020.03.14"]
[Round "3.18"]
[White "Fougerat, Emma"]
[Black "Khon, Ilya"]
[Result "1-0"]
[WhiteElo "1668"]
[BlackElo "1223"]
[Annotator "NA RC"]
[PlyCount "55"]
[EventDate "2020.03.13"]
[EventType "team-tourn"]
[EventCountry "RUS"]
[SourceTitle "playchess.com"]
[Source "ChessBase"]
[SourceQuality "1"]
[TimeControl "5400+30"]

1. c4 {[%emt 0:00:00]} e6 {[%emt 0:00:00]} 2. g3 {[%emt 0:00:31]} d5 {[%emt 0:00:55]} 3. Bg2 {[%emt 0:00:23]} Nf6 {[%emt 0:05:54]} 4. Nf3 {[%emt 0:00:52]} c5 {[%emt 0:00:38]} 5. cxd5 {[%emt 0:02:12]} exd5 {[%emt 0:02:59]} 6. d4 {[%emt 0:01:10]} h6 {[%emt 0:16:52]} 7. dxc5 {[%emt 0:06:46]} Bxc5 {[%emt 0:00:55]} 8. O-O {[%emt 0:00:40]} O-O {[%emt 0:00:14]} 9. a3 {[%emt 0:03:40]} Be6 {[%emt 0:07:19]} 10. b4 {[%emt 0:01:29]} Bb6 {[%emt 0:00:13]} 11. Bb2 {[%emt 0:01:24]} Nc6 {[%emt 0:11:35]} 12. Nbd2 {[%emt 0:05:48]} Qe7 {[%emt 0:03:30]} 13. Nb3 {[%emt 0:01:54]} Ne4 {[%emt 0:00:38]} 14. Nbd4 {[%emt 0:03:33]} Rfd8 {[%emt 0:06:14]} 15. Rc1 {[%emt 0:04:15]} a6 {[%emt 0:08:36]} 16. Nxc6 {[%emt 0:12:21]} bxc6 {[%emt 0:00:40]} 17. Rxc6 {[%emt 0:01:29]} Ba7 {[%emt 0:00:45]} 18. e3 {[%emt 0:03:18]} Qb7 {[%emt 0:08:32]} 19. Rc1 {[%emt 0:04:18]} Rac8 {[%emt 0:00:50]} 20. Nd4 {[%emt 0:01:57]} Rxc1 {[%emt 0:03:50]} 21. Qxc1 {[%emt 0:03:37]} Rc8 {[%emt 0:02:02]} 22. Qa1 {[%emt 0:02:32]} Nd2 {[%emt 0:09:17]} 23. Rd1 {[%emt 0:03:24]} Bxd4 {[%emt 0:00:52]} 24. Bxd4 {[%emt 0:00:28]} Nb3 {[%emt 0:00:17]} 25. Qb2 {[%emt 0:00:41]} Nxd4 {[%emt 0:00:54]} 26. Qxd4 {[%emt 0:00:22]} Bg4 {[%emt 0:01:24]} 27. Qxg4 {[%emt 0:02:53]} Rc3 {[%emt 0:04:07]} 28. Bxd5 {[%emt 0:01:18]} 1-0

[Event "4th ChessMates Murmansk 2020"]
[Site "Murmansk"]
[Date "2020.03.14"]
[Round "3.19"]
[White "Yatchenko, Leonid"]
[Black "Matsumura, Cocoro"]
[Result "1/2-1/2"]
[WhiteElo "1705"]
[BlackElo "1896"]
[Annotator "NA RC"]
[PlyCount "108"]
[EventDate "2020.03.13"]
[EventType "team-tourn"]
[EventCountry "RUS"]
[SourceTitle "playchess.com"]
[Source "ChessBase"]
[SourceQuality "1"]
[TimeControl "5400+30"]

{[%evp 14,95,31,24,35,14,39,29,29,32767,38,-6,-6,0,0,-10,11,0,34,20,29,0,-2,-3,-11,0,0,-10,45,35,41,31,39,51,54,20,39,37,29,39,70,0,0,-182,-215,-305,-345,-287,-320,-344,-81,-61,32767,32767,32767,32767,-14,-14,-14,32767,32767,32767,32767,-13,0,-18,-11,-11,-14,-30,-41,-48,-55,-30,-38,-41,-32,-44,32767,32767,32767,0,0,0]} 1. e4 {[%emt 0:00:00]} c5 {[%emt 0:00:00]} 2. Nf3 {[%emt 0:00:00]} d6 {[%emt 0:00:00]} 3. d4 {[%emt 0:00:00]} cxd4 {[%emt 0:00:00]} 4. Qxd4 {[%emt 0:00:00]} Nc6 {[%emt 0:00:00]} 5. Bb5 {[%emt 0:00:00]} Bd7 {[%emt 0:00:05]} 6. Bxc6 {[%emt 0:00:00]} Bxc6 {[%emt 0:00:03]} 7. Nc3 {[%emt 0:00:07]} e5 {[%emt 0:00:08]} 8. Qd3 {[%emt 0:00:08]} h6 {[%emt 0:00:07]} 9. Nd2 {[%emt 0:00:04] B53: Sicilian: 2...d6: Lines with Qxd4.} Nf6 {[%emt 0:00:23]} 10. Nc4 {[%emt 0:00:05]} Be7 {[%emt 0:01:50]} 11. Ne3 {[%emt 0:00:13] [#]} Qd7 $146 {[%emt 0:03:52]} ({Predecessor:} 11... O-O 12. O-O Re8 13. a4 a6 14. a5 b5 15. axb6 Qxb6 16. Ncd5 Nxd5 17. Nxd5 Bxd5 18. Qxd5 {½-½ (18) Zvjaginsev,V (2643)-Navara,D (2708) Rijeka 2010}) 12. Ncd5 {[%emt 0:06:51]} Bxd5 {[%emt 0:00:51]} 13. Nxd5 {[%emt 0:05:38]} Nxd5 {[%emt 0:02:43]} 14. Qxd5 {[%emt 0:00:06]} Rc8 {[%emt 0:00:52]} 15. Qd3 {[%emt 0:00:50]} Rc6 {[%emt 0:07:16]} 16. Be3 {[%emt 0:02:09]} Bg5 {[%emt 0:04:26]} 17. O-O-O {[%emt 0:01:39]} Bxe3+ {[%emt 0:02:52]} 18. Qxe3 {[%emt 0:00:07]} O-O {[%emt 0:00:49]} 19. f3 {[%emt 0:03:17]} Rfc8 {[%emt 0:02:43]} 20. Rd2 {[%emt 0:01:31]} Ra6 {[%emt 0:03:09]} 21. Kb1 {[%emt 0:00:54]} Rc4 {[%emt 0:03:38]} 22. b3 {[%emt 0:03:30]} Qb5 {[%emt 0:07:45]} 23. Rd5 {[%emt 0:01:08]} Qb4 {[%emt 0:00:34]} 24. Qc1 {[%emt 0:00:38]} Rcc6 {[%emt 0:12:39]} 25. Rhd1 {[%emt 0:05:06]} b5 {[%emt 0:17:46]} 26. Qb2 {[%emt 0:04:01]} Ra5 {[%emt 0:12:29]} 27. c3 {[%emt 0:02:13]} ({Better is} 27. Rc1 $16) 27... Rxc3 {[%emt 0:07:23]} 28. Rxd6 $2 {[%emt 0:00:09] [#]} (28. Rc1 $11 {and White has nothing to worry.} Rxc1+ 29. Qxc1) 28... Ra3 $1 {[%emt 0:01:10]} 29. R6d5 {[%emt 0:00:27] [#]} Raxb3 $1 {[%emt 0:01:01]} 30. axb3 {[%emt 0:00:40]} Rxb3 {[%emt 0:00:01]} 31. R1d2 {[%emt 0:00:31]} ({Much worse is} 31. Rd8+ Kh7) 31... a5 $2 {[%emt 0:02:35]} (31... Rxb2+ $19 32. Rxb2 Qe1+ 33. Ka2 b4 34. Rxe5 Qc3 35. Re8+ Kh7) 32. Qxb3 {[%emt 0:00:04]} ({Don't blunder} 32. Rd8+ $2 Kh7 $19) 32... Qxb3+ {[%emt 0:00:06]} 33. Rb2 {[%emt 0:00:04]} Qc4 {[%emt 0:00:32]} 34. Rdxb5 a4 {[%emt 0:01:30]} 35. Rb8+ {[%emt 0:04:09]} Kh7 {[%emt 0:00:03]} 36. Rc2 {[%emt 0:00:23]} Qd3 {[%emt 0:01:09]} 37. Rbc8 {[%emt 0:00:11]} Qb3+ {[%emt 0:00:49]} 38. Rb2 {[%emt 0:00:54]} Qd3+ {[%emt 0:01:09]} 39. Ka2 {[%emt 0:00:12]} Kg6 {[%emt 0:01:24]} 40. Rc6+ {[%emt 0:01:20]} Kg5 {[%emt 0:01:07]} 41. Rc7 {[%emt 0:00:14]} h5 {[%emt 0:00:26]} 42. h3 {[%emt 0:00:54]} Kh4 {[%emt 0:01:10]} 43. Rc6 {[%emt 0:03:03]} Kg3 {[%emt 0:01:24]} 44. Rc7 {[%emt 0:00:44]} g5 {[%emt 0:00:44]} 45. Rc8 {[%emt 0:00:04]} f5 {[%emt 0:00:40]} 46. exf5 {[%emt 0:00:22]} Qxf5 {[%emt 0:00:05]} 47. Rc4 {[%emt 0:00:38]} Qd7 $11 {[%emt 0:00:50]} (47... Qf7 $5 48. Rbc2 $8 {[#]} g4 $1 $11 {[%mdl 512]}) 48. Rcb4 {[%emt 0:00:47]} Qd1 {[%emt 0:00:53]} 49. Re4 {[%emt 0:00:19]} Qd5+ {[%emt 0:00:38]} 50. Ka3 {[%emt 0:00:16]} Qa5 {[%emt 0:00:24]} 51. Rxa4 {[%emt 0:00:21]} Qc3+ {[%emt 0:00:01]} 52. Ka2 {[%emt 0:00:08]} Qc5 {[%emt 0:00:19]} 53. Re4 {[%emt 0:00:32]} Qa5+ {[%emt 0:00:11]} 54. Kb1 {[%emt 0:00:07]} Qd5 {[%emt 0:00:26]} 1/2-1/2

[Event "4th ChessMates Murmansk 2020"]
[Site "Murmansk"]
[Date "2020.03.14"]
[Round "3.20"]
[White "Ider, Bayar"]
[Black "Zaytsev, Egor"]
[Result "1-0"]
[WhiteElo "1730"]
[BlackElo "1871"]
[Annotator "NA RC"]
[PlyCount "109"]
[EventDate "2020.03.13"]
[EventType "team-tourn"]
[EventCountry "RUS"]
[SourceTitle "playchess.com"]
[Source "ChessBase"]
[SourceQuality "1"]
[TimeControl "5400+30"]

{[%evp 11,106,52,55,51,62,51,65,54,61,38,42,45,50,47,50,36,47,11,12,11,28,13,28,22,37,-9,37,37,59,2,32767,32767,32767,32767,0,-23,-30,-39,40,53,61,61,35,45,41,62,93,-47,144,154,32767,32767,32767,32767,148,149,256,220,243,243,252,245,249,267,318,293,32767,32767,32767,32767,308,272,284,374,459,606,537,485,537,689,736,1162,760,1280,29971,29973,12837,29976,29977,32767,32767,32767,32767,32767,32767,29990,29990]} 1. d4 {[%emt 0:00:00]} c5 {[%emt 0:00:00]} 2. d5 {[%emt 0:00:00]} e5 {[%emt 0:00:00]} 3. e4 {[%emt 0:00:00]} d6 {[%emt 0:00:00]} 4. Bb5+ {[%emt 0:00:02]} Bd7 {[%emt 0:00:18]} 5. Bxd7+ {[%emt 0:00:05]} Nxd7 {[%emt 0:00:09]} 6. c4 {[%emt 0:00:41] A44: Semi-Benoni.} g6 {[%emt 0:00:36]} 7. Nc3 {[%emt 0:00:08]} a6 {[%emt 0:00:13] [#]} 8. a4 $146 {[%emt 0:00:31]} ({Predecessor:} 8. Nh3 Bh6 9. O-O Bxc1 10. Qxc1 Qh4 11. Rb1 Ngf6 12. Qg5 Qxg5 13. Nxg5 h6 14. Nf3 {1-0 (58) Jaeger,A (2149)-Gruzmann,B (2271) Berlin 2005}) 8... Bg7 {[%emt 0:01:44]} 9. Nf3 {[%emt 0:00:51]} Ne7 {[%emt 0:01:39]} 10. Bg5 {[%emt 0:04:07]} h6 {[%emt 0:02:53]} 11. Be3 {[%emt 0:00:12]} O-O {[%emt 0:01:42]} 12. Qd2 {[%emt 0:00:17]} Kh7 {[%emt 0:01:48]} 13. Qc2 {[%emt 0:18:28]} f5 {[%emt 0:10:52]} 14. h4 {[%emt 0:00:09]} Kg8 {[%emt 0:11:01]} 15. a5 {[%emt 0:01:33]} Nf6 {[%emt 0:07:58]} 16. Bd2 {[%emt 0:06:53]} fxe4 {[%emt 0:02:52]} 17. Nxe4 {[%emt 0:00:08]} Nf5 {[%emt 0:00:14]} 18. b4 {[%emt 0:05:45]} Nd4 {[%emt 0:06:46]} 19. Nxd4 {[%emt 0:01:58]} exd4 {[%emt 0:00:12]} 20. O-O {[%emt 0:00:30]} d3 {[%emt 0:14:08]} 21. Qxd3 {[%emt 0:00:08]} Nxe4 {[%emt 0:00:05]} 22. Qxe4 {[%emt 0:00:03]} Bxa1 {[%emt 0:00:41]} 23. Qe6+ {[%emt 0:00:08]} ({Not} 23. Qxg6+ $2 Bg7 $19) (23. Rxa1 $5 {[%cal Re4g6]} Qf6 24. Rf1 $11) 23... Kh7 {[%emt 0:07:59]} 24. Rxa1 {[%emt 0:00:22]} Qf6 {[%emt 0:03:56]} (24... cxb4 $15 25. Bxb4 Qf6 26. Qxf6 Rxf6) 25. Qxf6 {[%emt 0:00:17]} Rxf6 {[%emt 0:00:05]} 26. bxc5 {[%emt 0:00:28]} dxc5 {[%emt 0:00:07]} 27. Be3 {[%emt 0:00:38]} Rc8 {[%emt 0:02:03]} 28. Rb1 {[%emt 0:00:10]} Rc7 {[%emt 0:00:51]} 29. d6 {[%emt 0:01:09]} (29. Kf1 $16) 29... Rxd6 $2 {[%emt 0:10:50]} (29... Rd7 $15 {keeps the upper hand.} 30. Bxc5 Rf4) 30. Bf4 {[%emt 0:00:19]} Rdd7 {[%emt 0:00:08]} 31. Bxc7 {[%emt 0:00:05]} Rxc7 {[%emt 0:00:05]} 32. Rb6 {[%emt 0:00:04]} Kg7 {[%emt 0:00:18]} 33. g4 {[%emt 0:00:31]} g5 {[%emt 0:01:26]} (33... Rd7 $16 34. h5 g5) 34. h5 {[%emt 0:00:21]} Kh7 {[%emt 0:00:06]} 35. Kg2 {[%emt 0:00:05]} Rf7 {[%emt 0:00:28]} 36. Kg3 {[%emt 0:01:40]} Kg7 {[%emt 0:00:38]} 37. f3 {[%emt 0:00:45]} Kh7 {[%emt 0:01:12]} 38. Kf2 {[%emt 0:00:29]} Kg7 {[%emt 0:03:39]} 39. Ke3 {[%emt 0:00:12]} Re7+ {[%emt 0:00:16]} 40. Kd3 {[%emt 0:00:05]} Kh7 {[%emt 0:04:44]} 41. Rd6 {[%emt 0:00:54]} Kg7 {[%emt 0:01:03]} 42. Rd5 {[%emt 0:00:14]} Rc7 {[%emt 0:00:40]} (42... Rf7 {was worth a try.} 43. Ke4 Rf4+ 44. Ke5 Rxc4 45. Rd7+ {[%mdl 64] Double Attack} Kg8 46. Rxb7 Ra4) 43. Ke4 {[%emt 0:00:11]} Re7+ {[%emt 0:02:13]} 44. Re5 {[%emt 0:00:17]} Rc7 {[%emt 0:00:48]} 45. Kd5 {[%emt 0:00:35]} Kf7 {[%emt 0:01:04]} 46. Re6 {[%emt 0:00:48]} Rd7+ {[%emt 0:00:14]} 47. Rd6 {[%emt 0:00:07]} Ke7 {[%emt 0:00:32]} 48. Rxd7+ {[%emt 0:00:16]} Kxd7 {[%emt 0:00:04]} 49. Kxc5 {[%emt 0:00:04]} Kc7 {[%emt 0:00:07]} 50. Kd5 {[%emt 0:01:12]} b6 {[%emt 0:00:11]} 51. axb6+ {[%emt 0:03:36]} Kxb6 {[%emt 0:00:13]} 52. Kd6 {[%emt 0:00:08]} Kb7 {[%emt 0:00:39]} 53. c5 {[%emt 0:00:45]} Kc8 {[%emt 0:01:02]} 54. Kc6 {[%emt 0:00:09]} Kd8 {[%emt 0:00:14]} 55. Kb7 {[%emt 0:00:15]} 1-0

[Event "4th ChessMates Murmansk 2020"]
[Site "Murmansk"]
[Date "2020.03.14"]
[Round "3.21"]
[White "Babanin, Gleb"]
[Black "Galchenko, Matvey"]
[Result "0-1"]
[WhiteElo "2225"]
[BlackElo "2424"]
[Annotator "TA"]
[PlyCount "100"]
[EventDate "2020.03.13"]
[EventType "team-tourn"]
[EventCountry "RUS"]
[SourceTitle "playchess.com"]
[Source "ChessBase"]
[SourceQuality "1"]

{[%evp 9,100,13,31,15,24,22,58,63,87,-10,-9,-7,0,-22,31,-36,39,43,37,19,26,17,14,14,8,4,0,0,0,-70,-61,-115,54,0,0,0,54,0,0,0,10,0,8,10,0,18,28,-104,0,0,0,0,0,0,0,0,27,35,47,55,84,84,176,171,448,420,562,547,575,423,729,443,436,458,422,423,364,218,183,0,44,8,297,146,378,0,0,0,0,-951,-912,-29990,-29991]} 1. d4 Nf6 2. c4 Nc6 3. Nf3 e6 4. Nc3 Bb4 5. Qc2 O-O 6. e4 {E33: Nimzo-Indian: Classical: 4...Nc6.} Bxc3+ 7. bxc3 d6 8. Ba3 {White is slightly better.} Re8 {[#]} 9. Be2 $146 (9. e5 $16) ({Predecessor:} 9. c5 e5 10. d5 Ne7 11. Nd2 Rf8 12. Bd3 Ne8 13. c4 f5 14. O-O f4 15. cxd6 cxd6 {1-0 (40) Olund,J (2226)-Hallerod,R (2128) Stockholm 2013}) 9... e5 $11 10. d5 Ne7 11. c5 Ng6 (11... dxc5 $11 12. Bxc5 Ng6) 12. g3 (12. cxd6 $14 cxd6 13. Nd2) 12... Qe7 (12... dxc5 $15 13. Bxc5 Bh3) 13. cxd6 $14 cxd6 14. Nd2 Bh3 15. f3 Rac8 16. Kf2 Nd7 17. Rab1 Nc5 18. Rb5 Bd7 19. Ra5 (19. Rbb1 $11) 19... Qd8 $1 $15 {[%cal Rd8a5]} 20. Bb4 Na6 $2 ({Black should try} 20... Nf4 $17 21. gxf4 Qh4+ 22. Kg1 exf4) 21. Rxa6 (21. Bxa6 $14 Qb6+ {[%mdl 64] Double Attack} 22. Ke2 bxa6 23. Rc1) 21... bxa6 $11 22. Nc4 h5 ({Black should play} 22... f5 $11) 23. Qd2 {[#]} Rxc4 $1 {[%mdl 512]} 24. Bxc4 a5 25. Ba3 {With the idea Bd3.} f5 $1 26. Bd3 f4 27. c4 Qf6 28. c5 (28. Be2 $11 {keeps the balance.}) 28... dxc5 (28... Rf8 $1 $17 29. Qd1 fxg3+ 30. hxg3 Ba4) 29. Bxc5 fxg3+ 30. hxg3 {aiming for d6.} h4 31. gxh4 Nxh4 32. Qe3 Rb8 (32... Rc8 $5 {[%cal Rc8c5]} 33. Be2 (33. Bxa7 Rc3 $17) 33... g5 $14) 33. Ba3 $36 {[%mdl 2048] White is pushing.} Rc8 34. Rc1 Rb8 35. Rc7 Qg6 (35... Rc8 $16 {might work better.} 36. d6 (36. Rxd7 Qg6 $16) 36... Qg6 37. Rxc8+ (37. Rxd7 $2 Qg2+ 38. Ke1 Nxf3+ 39. Qxf3 Qxf3 $19) 37... Bxc8) 36. Bf1 $1 $18 (36. Rxd7 Qg2+ 37. Ke1 Nxf3+ 38. Kd1 Qh1+ 39. Ke2 Qg2+ 40. Qf2 (40. Kd1 Qh1+ 41. Ke2 Qg2+ 42. Qf2 Nd4+ 43. Ke1 Nf3+ 44. Ke2 Nd4+ 45. Ke1 Nf3+ 46. Ke2 $11) 40... Nd4+ 41. Ke1 Nf3+ 42. Ke2 Nd4+ 43. Ke1 Nf3+ 44. Ke2 $11) (36. Qxa7 Rb6 $11) 36... Bb5 $2 {[#]} (36... Rc8 37. Rxc8+ (37. Rxd7 $2 Rc2+ 38. Be2 Qg2+ 39. Ke1 Rxe2+ 40. Qxe2 Nxf3+ 41. Qxf3 Qxf3 $19) (37. Qxa7 Nxf3 38. Rxc8+ Bxc8 $11) 37... Bxc8) 37. Bh3 $1 Ba4 38. Bg4 Rb1 39. Rc1 Rb7 (39... Rxc1 $142 40. Bxc1 Qf6 41. Qxa7 Ng6 42. Qxa5 Bc2 43. Be6+ Kh8 44. Qa8+ Qf8 45. Qxf8+ Nxf8) 40. Rh1 (40. Qc5 Bd7 $16) 40... Qf6 41. Kg3 g5 {Now ...Bd7 and Black clings on.} 42. Bc1 Rg7 43. Qc5 (43. Qc3 $142 Re7 44. Qxa5) 43... Bd7 44. Qe3 $2 ({Don't go for} 44. Qxa7 $2 Bxg4 45. Qe3 Bxf3 $19) (44. Rf1 $18 {And now Bxd7 would win.} Ng6 45. Bxd7 (45. Qxa5 Bxg4 46. Kxg4 Rh7 $11) 45... Rxd7 46. Qc8+ Rd8 47. Qe6+ Qxe6 48. dxe6) 44... Bxg4 45. Kxg4 {Black should prevent Qc3.} Ng6 $2 {[%mdl 8192]} (45... Qf4+ $1 $11 46. Qxf4 gxf4+ 47. Kxh4 Rh7+ 48. Kg5 Rxh1) 46. Rh6 (46. Qc3 $18 {has better winning chances.}) 46... Qf8 $2 {[#]} (46... Qa6 $16) 47. Qa3 $2 (47. Qc3 $1 $18) 47... Qc8+ $11 48. Kg3 {Hoping for Bb2.} Nf4 {Threatens to win with ...g4.} 49. Be3 $2 {[%mdl 8192]} (49. Bb2 $11 Qc2 50. Rh2 Ne2+ 51. Rxe2 Qxe2 52. Qc3) 49... g4 $19 {( -> ...gxf3+)} 50. Qd6 gxf3+ {Accuracy: White = 54%, Black = 46%.} 0-1

[Event "4th ChessMates Murmansk 2020"]
[Site "Murmansk"]
[Date "2020.03.14"]
[Round "3.22"]
[White "Klukin, Kirill"]
[Black "Sinitsina, Anastassia"]
[Result "1-0"]
[WhiteElo "2304"]
[BlackElo "2125"]
[Annotator "TA"]
[PlyCount "115"]
[EventDate "2020.03.13"]
[EventType "team-tourn"]
[EventCountry "RUS"]
[SourceTitle "playchess.com"]
[Source "ChessBase"]
[SourceQuality "1"]

{[%evp 11,115,62,81,37,37,30,40,20,17,22,45,3,14,17,25,8,27,33,59,40,97,89,124,135,134,119,122,120,128,106,117,85,85,80,85,85,92,85,93,85,100,100,137,98,118,50,79,33,66,79,101,101,97,97,99,89,99,80,97,85,94,100,123,120,113,39,129,107,139,132,138,131,110,93,120,120,252,242,287,293,279,274,556,538,807,774,731,736,1714,1651,1696,1635,6079,5465,29967,29969,29974,29975,29965,12849,29976,29977,29976,29977,29945,6408]} 1. d4 Nf6 2. Nf3 c5 3. d5 b5 4. c4 bxc4 5. Nc3 d6 6. e4 g6 7. Nd2 {A57: Benko/Volga Gambit.} Bg7 8. Nxc4 O-O 9. Be2 {White is slightly better.} Nbd7 10. O-O Ba6 11. Ne3 Bxe2 12. Qxe2 Rb8 13. Rb1 {[#]} Qc7 $146 ({Predecessor:} 13... Rb4 14. Nc2 Rb7 15. Bd2 Qc7 16. b3 Rfb8 17. Ne3 Nb6 18. f3 Qd7 19. Rfd1 {½-½ (19) Petursson,M (2465)-Geller,E (2560) Reykjavik 1984}) 14. b3 Rb4 15. Nc4 Rfb8 (15... Rbb8 $14) 16. Bd2 $16 Ne5 17. Nxe5 dxe5 18. Rbc1 Qd6 19. f3 Nd7 20. Nd1 R4b7 21. Nb2 e6 22. dxe6 Qxe6 23. Rfd1 Bf8 24. Be3 Rc8 25. Qc4 Rc6 26. Rc2 Rbc7 27. Rcd2 Nb6 28. Qe2 (28. Qxe6 $16 Rxe6 29. a4) 28... Rc8 29. Rd8 Rxd8 30. Rxd8 Rc8 31. Rxc8 Qxc8 32. Kf1 Be7 33. Qb5 Kg7 34. Ke2 Nd7 35. Qc4 Qc6 36. Nd3 Bd6 37. a4 Qc7 38. Qa6 (38. Qb5 $16) 38... Nb8 ({Black should try} 38... Nf8 $1 $14) 39. Qb5 Nc6 40. Nxc5 ({But not} 40. Bxc5 $6 Nd4+ 41. Bxd4 Qc2+ 42. Kf1 exd4 $14) 40... Nd4+ 41. Bxd4 $1 exd4 42. b4 Bxh2 {next ...Qg3 is good for Black.} 43. Qd7 {[#] Strongly threatening Ne6+.} Qb6 {This move loses the game for Black.} (43... Qg3 $16 {keeps fighting.}) 44. Qxd4+ $18 Kg8 45. Kd3 Bd6 46. Kc4 Be7 $2 {[#]} (46... Qb8 47. Qd5 Bf8) 47. Qd7 Bxc5 48. bxc5 {[%mdl 4096] Endgame KQ-KQ} Qa6+ 49. Kb4 Qe2 50. Qd8+ Kg7 51. Qd4+ Kg8 52. c6 {[%cal Bc5c6,Bc6c7][%mdl 32]} Qe1+ 53. Qc3 a5+ 54. Kb3 Qd1+ 55. Qc2 Qd6 56. c7 {White mates.} Qb6+ 57. Ka2 Qe6+ 58. Qb3 {Accuracy: White = 82%, Black = 51%.} 1-0

[Event "4th ChessMates Murmansk 2020"]
[Site "Murmansk"]
[Date "2020.03.14"]
[Round "3.23"]
[White "Glukhov, Dmitriy"]
[Black "Golikov, Daniil"]
[Result "1/2-1/2"]
[WhiteElo "2012"]
[BlackElo "2229"]
[Annotator "TA"]
[PlyCount "63"]
[EventDate "2020.03.13"]
[EventType "team-tourn"]
[EventCountry "RUS"]
[SourceTitle "playchess.com"]
[Source "ChessBase"]
[SourceQuality "1"]

{[%evp 9,63,13,10,0,11,0,19,0,0,-2,-4,-4,-9,-21,0,0,0,0,7,0,0,7,8,-1,21,20,22,21,39,40,41,39,37,39,59,45,66,58,68,59,67,5,13,10,10,11,95,4,3,3,3,6,8,2,2,2]} 1. d4 Nf6 2. c4 e6 3. g3 c5 4. Nf3 cxd4 5. Nxd4 Qc7 6. Qd3 {A32: Symmetrical English: 2 Nf3 Nf6 3 d4 cxd4 4 Nxd4 e6.} a6 7. Bg2 Nc6 8. Nxc6 dxc6 9. O-O Be7 {[#]} 10. Qc3 $146 ({Predecessor:} 10. Nc3 O-O 11. b3 Nd7 12. Bb2 f5 13. Rad1 e5 14. f4 Nc5 15. Qc2 e4 16. Kh1 {0-1 (34) Beltran Medina,J (2175)-Voicu Jagodzinsky,C (2265) Moscow 2006}) 10... e5 11. Nd2 {[%cal Bb1d2,Bd2f3,Bf3d4][%mdl 32]} O-O 12. Nf3 e4 13. Bf4 Bd6 14. Bxd6 Qxd6 15. Rfd1 Qe7 16. Nd4 Be6 17. Rd2 Rad8 18. Rad1 Rd7 19. Nxe6 Rxd2 20. Rxd2 Qxe6 21. e3 h6 22. Qb4 c5 23. Qxb7 Qxc4 {[#] And now ...Qc1+ would win.} 24. Bf1 Qxa2 25. Bxa6 (25. Qb6 $14) 25... Qb1+ $11 26. Bf1 Qe1 27. Rc2 Ng4 {[#]} (27... Rd8 $11) 28. Qxe4 ({White should try} 28. Kg2 $1 $16) 28... Nxh2 $1 {The position is equal.} 29. Kxh2 Qxf1 30. Qf5 c4 31. Qg4 Rd8 32. Qxc4 {Accuracy: White = 88%, Black = 90%.} 1/2-1/2

[Event "4th ChessMates Murmansk 2020"]
[Site "Murmansk"]
[Date "2020.03.14"]
[Round "3.24"]
[White "Vetrov, Ivan"]
[Black "Shelezhonkova, Kseniya"]
[Result "1/2-1/2"]
[WhiteElo "1799"]
[BlackElo "1552"]
[Annotator "NA RC"]
[PlyCount "61"]
[EventDate "2020.03.13"]
[EventType "team-tourn"]
[EventCountry "RUS"]
[SourceTitle "playchess.com"]
[Source "ChessBase"]
[SourceQuality "1"]
[TimeControl "5400+30"]

1. d4 {[%emt 0:00:00]} d5 {[%emt 0:00:00]} 2. c4 {[%emt 0:00:00]} e6 {[%emt 0:00:00]} 3. Nc3 {[%emt 0:00:00]} Nf6 {[%emt 0:00:00]} 4. Nf3 {[%emt 0:00:24]} Nbd7 {[%emt 0:00:24]} 5. cxd5 {[%emt 0:02:48]} exd5 {[%emt 0:00:23]} 6. Bg5 {[%emt 0:00:15]} c6 {[%emt 0:00:29]} 7. e3 {[%emt 0:01:08]} Be7 {[%emt 0:00:14]} 8. Bd3 {[%emt 0:02:05]} O-O {[%emt 0:01:33]} 9. Qc2 {[%emt 0:02:47]} Re8 {[%emt 0:01:28]} 10. O-O {[%emt 0:14:09]} Nf8 {[%emt 0:06:14]} 11. Ne5 {[%emt 0:01:33]} Ne4 {[%emt 0:14:39]} 12. Bf4 {[%emt 0:08:26]} Nxc3 {[%emt 0:06:58]} 13. bxc3 {[%emt 0:00:40]} f6 {[%emt 0:00:40]} 14. Nf3 {[%emt 0:00:35]} Bd6 {[%emt 0:02:07]} 15. Bxd6 {[%emt 0:02:16]} Qxd6 {[%emt 0:00:04]} 16. c4 {[%emt 0:00:18]} dxc4 {[%emt 0:05:04]} 17. Bxc4+ {[%emt 0:00:03]} Be6 {[%emt 0:00:08]} 18. Rab1 {[%emt 0:00:34]} Re7 {[%emt 0:04:04]} 19. Rfc1 {[%emt 0:03:43]} Bxc4 {[%emt 0:01:53]} 20. Qxc4+ {[%emt 0:00:59]} Qe6 {[%emt 0:00:22]} 21. a4 {[%emt 0:01:20]} Qxc4 {[%emt 0:02:02]} 22. Rxc4 {[%emt 0:00:04]} Rd8 {[%emt 0:00:19]} 23. Nd2 {[%emt 0:16:37]} Ne6 {[%emt 0:02:35]} 24. Nb3 {[%emt 0:03:05]} Kf7 {[%emt 0:07:02]} 25. g3 {[%emt 0:01:59]} Ng5 {[%emt 0:06:24]} 26. Rb4 {[%emt 0:07:06]} Rd5 {[%emt 0:08:16]} 27. Nc5 {[%emt 0:13:29]} b6 {[%emt 0:02:02]} 28. Nb3 {[%emt 0:05:40]} Ne4 {[%emt 0:11:01]} 29. Rc1 {[%emt 0:05:23]} c5 {[%emt 0:00:56]} 30. dxc5 {[%emt 0:01:33]} Nxc5 {[%emt 0:00:25]} 31. Nxc5 {[%emt 0:02:36]} 1/2-1/2

[Event "4th ChessMates Murmansk 2020"]
[Site "Murmansk"]
[Date "2020.03.14"]
[Round "3.25"]
[White "Gorlov, Artem"]
[Black "Zhuravlev, Aleksandr"]
[Result "1/2-1/2"]
[WhiteElo "1912"]
[BlackElo "2059"]
[Annotator "TA"]
[PlyCount "75"]
[EventDate "2020.03.13"]
[EventType "team-tourn"]
[EventCountry "RUS"]
[SourceTitle "playchess.com"]
[Source "ChessBase"]
[SourceQuality "1"]

{[%evp 20,75,33,16,22,20,33,0,33,41,45,24,34,0,0,0,82,2,2,-4,-1,-8,0,-42,-59,-45,31,-60,-61,-93,-104,-88,-52,-58,-33,-41,-6,-18,15,14,14,14,20,16,22,8,8,8,3,0,41,38,55,35,50,-35,-23,-34]} 1. d4 Nf6 2. c4 e6 3. Nc3 c5 4. d5 exd5 5. cxd5 d6 6. e4 g6 7. Bd3 Bg7 8. h3 O-O 9. Nf3 a6 10. O-O b5 11. a3 Nbd7 {A70: Modern Benoni: 6 e4 g6 7 Nf3.} 12. Bf4 Qb6 13. Rc1 {[#]} Nh5 $146 {The position is equal.} (13... c4 $5 {[%cal Rc4d3]} 14. Be3 Nc5 $11) ({Predecessor:} 13... c4 14. Bc2 Nc5 15. Be3 Bd7 16. e5 dxe5 17. Nxe5 Rfe8 18. Nxd7 Nfxd7 19. Bd4 Qd6 20. Bxg7 Kxg7 {½-½ (37) Dlabik,J (2227)-Shilov,S (2330) Slovakia 1999}) 14. Be3 Qa5 15. Bd2 c4 16. Bb1 Nc5 17. e5 dxe5 {[#]} (17... Nb3 $11 {keeps the balance.}) 18. Ne4 (18. b4 $1 $16 {[%cal Rb4a5]} Qxa3 19. bxc5) 18... Qc7 $11 19. Nxc5 Qxc5 20. Bb4 Qc7 21. Bxf8 Bxf8 22. Re1 Bd6 (22... Bb7 $15) 23. Ng5 ({White should try} 23. b3 $1 $14) 23... Nf6 $15 24. Ne4 Nxe4 25. Bxe4 Bb7 26. g4 Qd8 27. Qf3 Qg5 28. Qe3 Qxe3 29. fxe3 Rf8 30. Rf1 Kg7 31. Rf3 Bc8 32. Rcf1 f6 33. Bc2 Bc5 34. Kg2 Bd7 35. e4 Be7 36. Kg3 Bd6 37. h4 (37. Kf2 $14) 37... f5 38. gxf5 {Accuracy: White = 60%, Black = 69%.} 1/2-1/2